000 00540nmm a2200157Ia 4500
008 251105s9999||||xx |||||||||||||||||und||
020 _a9788491801085
041 _aspa
100 _aManfredi Sánchez, Juan Luis
245 0 _aDiplomacia corporativa :
_b La nueva inteligencia directiva
264 _a[Madrid, España] :
_bUniversitat Oberta de Catalunya,
_c[Fecha de publicación no identificada]
300 _a200 páginas
650 _aEconomics and Business
856 _uhttps://public.digitaliapublishing.com/a/54893
942 _cCF
999 _c88635
_d88635